| 000 | 00000nam##2200000za#4500 |
| 001 | 9.688379 |
| 003 | CaOODSP |
| 005 | 20210624231410 |
| 007 | cr ||||||||||| |
| 008 | 150407|2006||||xxc|||||o f|0| 0 eng|d |
| 020 | |a0-662-43359-9 |
| 040 | |aCaOODSP|beng |
| 043 | |an-cn--- |
| 086 | 1 |aHS28-48/2006E-PDF |
| 110 | 1 |aCanada.|bHuman Resources and Skills Development Canada. |bStrategic Policy and Planning. |
| 245 | 10|aSummative evaluation of the Learning Initiatives Program (LIP) : |h[electronic resource]|bfinal report / |c[by] Audit and Evaluation. |
| 260 | |aGatineau - Quebec : |bHuman Resources and Skills Development Canada. |cOctober 2005. |
| 300 | |a62p.|bfig., tables |
| 590 | |a13-10-Supp|b2013-04-13 |
| 690 | 07|aLearning|2gcpds |
| 775 | 08|tÉvaluation sommative du Programme des initiatives d'apprentissage (PIA) : |w(CaOODSP)9.632803 |
| 856 | 40|ahttp://publications.gc.ca|qPDF|s200 KB|uhttps://publications.gc.ca/collections/collection_2013/rhdcc-hrsdc/HS28-48-2006-eng.pdf |
| 986 | |aSP-AH-684-10-05E |